Top 10 US States With The Most Debt - Statistics

General Stats
  • This quiz has been taken 23 times
  • The average score is 9 of 10
Answer Stats
Hint Answer % Correct
#1 ($520 billion) California
100%
#5 ($131 billion) Florida
100%
#2 ($368 billion) New York
100%
#3 ($324 billion) Texas
100%
#8 ($93 billion) Ohio
95%
#4 ($159 billion) Illinois
89%
#7 ($98 billion) Massachusetts
89%
#9 ($91 billion) New Jersey
89%
#10 ($90 billion) Washington
89%
#6 ($128 billion) Pennsylvania
84%
No matching quizzes found
Score Distribution
Percent of People with Each Score
Percentile by Number Answered
Your Score History
You have not taken this quiz